000 00266nam a22001097a 4500
999 _c4475
_d4475
008 250225b ||||| |||| 00| 0 eng d
020 _a9781786032270
082 _a326.8092 VEG
100 _aVEGARA,M ISABEL SANCHEZ
_eAUTHOR
245 _aHARRIET TUBMAN
942 _2ddc